000 00626nam a22002057a 4500
005 20251108173632.0
008 250721s2007 xx 000 0 ara d
082 1 4 _a813.009/خلي
100 1 _aخليل، إبراهيم
245 1 0 _aفي الرواية النسوية العربية /
264 1 _aعمان :
_bدار ورد الأردنية للنشر و التوزيع،
_c2007.
300 _a156 ص.
650 1 7 _aالأدب العربي
650 1 7 _aالروايات
650 1 7 _aالمرأة
650 1 7 _aالمؤلفات
653 _aالأدب النسائي
942 _2ddc
_cBK
999 _c108641
_d108641